Guía preliminar de insectos de Santa Fe de Bogotá y sus alrededores / (Registro nro. 1829)

Detalles MARC
000 -CABECERA
Campo de control 01546cam a2200337 a 4500
005 - FECHA Y HORA DE LA ULTIMA TRANSACCION
Campo de control 20191224041615.0
008 - ELEMENTOS DE LONGITUD FIJA—INFORMACION GENERAL
Campo de control 000627s2000 ck o r 00010 spa d
020 ## - ISBN
ISBN 9589387241
040 ## - FUENTE DE CATALOGACIÓN
Agencia catalogadora original la
Agencia transcriptora la
Agencia Modificadora CO-BoIAVH
041 0# - IDIOMA
Código de idioma para texto/pista de sonido o título separado Español
044 ## - PAÍS DE PUBLICACIÓN
País de publicación Colombia
082 04 - NUMERO DE CLASIFICACION DECIMAL DEWEY
Número de clasificación 595.709
Número del ítem A53g
100 1# - ASIENTO PRINCIPAL--NOMBRE PERSONAL
Nombre personal Andrade Correa, Miguel Gonzalo,
Fechas asociadas con el nombre 1963-
9 (RLIN) 40840
245 10 - MENCION DE TITULO
Título Guía preliminar de insectos de Santa Fe de Bogotá y sus alrededores /
Mención de responsabilidad investigación, textos, trabajo de campo Miguel Gonzalo Andrade Correa, Germán Amat G. ; Juan Manuel Renjifo fotografía ; Luis Nuñez, André J. Riveros trabajo de campo, DAMA.
260 ## - PUBLICACION, DISTRIBUCION, ETC. (PIE DE IMPRENTA)
Lugar de publicación, distribución, etc. Santa Fe de Bogotá (Colombia) :
Nombre del editor, distribuidor, etc. Departamento Técnico Administrativo del Medio Ambiente ; Alcaldía Mayor,
Fecha de publicación, distribución, etc. 2000.
300 ## - DESCRIPCION FISICA
Extensión 95 páginas :
Otros detalles físicos fotografías ;
Dimensiones 19 cm.
504 ## - NOTA DE BIBLIOGRAFIA, ETC.
Nota de bibliografía Incluye bibliografía.
650 #6 - ASIENTO SECUNDARIO DE MATERIA - TERMINO TEMATICO
Término temático o nombre geográfico como elemento de entrada Entomología.
9 (RLIN) 4483
650 #6 - ASIENTO SECUNDARIO DE MATERIA - TERMINO TEMATICO
Término temático o nombre geográfico como elemento de entrada Insectos
Subdivisión general Hábitos y conducta.
Subdivisión geográfica Bogotá (Colombia)
9 (RLIN) 40842
650 #6 - ASIENTO SECUNDARIO DE MATERIA - TERMINO TEMATICO
Término temático o nombre geográfico como elemento de entrada Insectos
Subdivisión de forma Guías
Subdivisión geográfica Bogotá (Colombia)
9 (RLIN) 40843
650 #6 - ASIENTO SECUNDARIO DE MATERIA - TERMINO TEMATICO
Término temático o nombre geográfico como elemento de entrada Alimentos para insectos.
9 (RLIN) 40844
650 #6 - ASIENTO SECUNDARIO DE MATERIA - TERMINO TEMATICO
Término temático o nombre geográfico como elemento de entrada Insectos
Subdivisión de forma Clasificación.
Subdivisión geográfica Bogotá (Colombia)
9 (RLIN) 40845
650 #6 - ASIENTO SECUNDARIO DE MATERIA - TERMINO TEMATICO
Término temático o nombre geográfico como elemento de entrada Insectos
Subdivisión geográfica Colombia.
Subdivisión cronológica Bogotá (Colombia)
9 (RLIN) 40846
651 #6 - ASIENTO SECUNDARIO DE MATERIA - NOMBRE GEOGRAFICO
Nombre geográfico Colombia
Subdivisión geográfica Bogotá
9 (RLIN) 40847
700 1# - ASIENTO SECUNDARIO - NOMBRE PERSONAL
Nombre personal Amat-G., Germán.
9 (RLIN) 6886
700 1# - ASIENTO SECUNDARIO - NOMBRE PERSONAL
Nombre personal Renjifo, Juan Manuel,
Término de relación ilustrador
9 (RLIN) 20567
700 1# - ASIENTO SECUNDARIO - NOMBRE PERSONAL
Nombre personal Nuñez, Luis.
9 (RLIN) 40848
700 1# - ASIENTO SECUNDARIO - NOMBRE PERSONAL
Nombre personal Riveros, André J.
9 (RLIN) 40849
710 1# - ASIENTO SECUNDARIO - NOMBRE CORPORATIVO
Nombre corporativo o de jurisdicción como elemento de entrada Bogotá (Colombia).
Unidad subordinada Alcaldia Mayor.
-- Departamento Técnico Administrativo del Medio Ambiente.
9 (RLIN) 40850
942 ## - ELEMENTOS ADICIONALES (KOHA)
Sistema de clasificación Dewey Decimal Classification
Tipo de ítem Libro
Existencias
Withdrawn status Lost status Sistema de Clasificación Damaged status No para préstamo Colección Inventariado Ubicación Permanente Ubicación actual Fecha de adquisición Fuente de Valor Valor Total Checkouts Número topográfico Inventario / Código de Barras Date last seen Ejemplar Price effective from Forma de adquisición Tipo de material Date checked out
    Dewey Decimal Classification     General Inventariado 2017 Bogotá Bogotá 24/01/2001 Instituto 39000.00 1 LB-595.709 A53g 006433 25/07/2019 Ej. 1 04/12/2012   Libro 23/07/2019
    Local     Entomología Inventariado 2017 Villa de Leyva Villa de Leyva 24/01/2001 Instituto 39000.00   LB-01660 002288 23/10/2017 Ej. 2 04/12/2012   Libro